Green Day Songs - Sudden Death - Statistics

General Stats
  • This quiz has been taken 157 times
  • The average score is 9 of 16
Answers on the Grid
Answers color-coded by a green-red scale on the quiz's grid according to % correct below.
American Idiot
Applause
Bad Guy
Basket Case
Brain Stew
Brutal Love
Canadian Idiot
Coming Clean
Dream On
Holiday
Holy Toledo!
I Wanna Hold Your Hand
Junkies on a High
Letterbomb
Minority
My Old School
Never Been to Spain
Numb
One Week
Ordinary World
Scattered
Strangeland
Stray Heart
Stuck With Me
The Distance
Toxic
Tubthumping
War Pigs
We Will Rock You
Whatsername
Without Me
You Can't Catch Me
 
Answer Stats
Answer % Correct
American Idiot American Idiot
98%
Insomniac Brain Stew
89%
Dookie Basket Case
88%
American Idiot Holiday
88%
Warning Minority
68%
American Idiot Whatsername
68%
American Idiot Letterbomb
65%
Dookie Coming Clean
51%
Nimrod Scattered
49%
Father of All Junkies on a High
46%
Dos Stray Heart
46%
Revolution Radio Ordinary World
41%
Insomniac Stuck With Me
38%
Tré Brutal Love
37%
Single Holy Toledo!
36%
Kerplunk Strangeland
30%
No matching quizzes found
Score Distribution
Percent of People with Each Score
Percentile by Number Answered
Your Score History
You have not taken this quiz